Paroles - Athéna Luv Resval (feat Dinos) - Statistiques

Statistiques générales
  • Ce quiz a été pris 132 fois
  • Le résultat moyen est 202 sur 499
Statistiques - réponses
Hint Réponse % Correct
d'
97%
à
95%
a
95%
la
95%
La
95%
t'
95%
ma
93%
le
91%
Le
91%
du
88%
Du
88%
sa
86%
de
80%
les
80%
Les
80%
Intro : On
80%
on
80%
Aminata
78%
ce
74%
pas
74%
s'appelle
74%
fleur
73%
mal
73%
matin
69%
C'est
65%
c'est
65%
et
65%
Et
65%
toi
64%
J'ai
58%
j'ai
58%
qui
58%
Qui
58%
des
57%
ou
57%
quand
57%
Quand
57%
droite
55%
dis
54%
dit
54%
enfers
54%
famine
54%
gauche
54%
un
54%
Je
53%
fait
51%
ça
50%
s'est
50%
Couplet Luv Resval : J't'ai
49%
j't'ai
49%
chaman
47%
chemin
46%
collège
46%
Il
46%
il
46%
Ensemble
45%
humaine
45%
Que
45%
que
45%
Son
45%
son
45%
depuis
43%
forme
43%
dans
41%
Refrain : Dans
41%
Deux
41%
mais
41%
quitté
41%
Athéna
39%
pillules
39%
pour
39%
sont
39%
avec
38%
choisir
38%
fallait
38%
tu
38%
demande
36%
lundi
36%
au
35%
va
35%
nous
34%
baise
32%
x2 différent
32%
x2 Fendi
32%
port
32%
collages
31%
l'faire
31%
tes
31%
t'es
31%
fromage
30%
mêmes
30%
mort
30%
raclis
30%
plus
28%
vie
28%
voler
28%
y
28%
est
27%
part
27%
pauvre
27%
autres
26%
ennemis
26%
habits
26%
riche
26%
fils
24%
Luv
24%
sourire
24%
tout
24%
mon
23%
si
23%
comme
22%
gratuit
22%
guerre
22%
l'tieks
22%
porte
22%
s'croit
22%
s'tapait
22%
Zara
22%
d'la
20%
tals
20%
veux
20%
cause
19%
choses
19%
dur
19%
follasses
19%
gens
19%
j'dégaine
19%
regard
19%
s'faisait
19%
thunes
19%
c'que
18%
faut
18%
j'savais
18%
mieux
18%
prouver
18%
Resval
18%
venir
18%
voulais
18%
armes
16%
beldi
16%
ceux
16%
Elle
16%
Leurs
16%
leurs
16%
meuf
16%
moi
16%
Perdre
16%
perdre
16%
peur
16%
pitié
16%
qu'tu
16%
sans
16%
vivre
16%
avoir
15%
Car
15%
jamais
15%
nuit
15%
pleure
15%
bar
14%
Certains
14%
maison
14%
regarde
14%
regardent
14%
casa
12%
c'qui
12%
eux-mêmes
12%
j'enchaine
12%
j'l'ai
12%
j'suis
12%
L'arc
12%
Legolas
12%
louves
12%
malléables
12%
parti
12%
père
12%
tort
12%
boire
11%
bonheur
11%
Croft
11%
erreurs
11%
femmes
11%
ils
11%
kills
11%
Lara
11%
manchot
11%
seront
11%
soldat
11%
sur
11%
aléatoires
9%
années
9%
aux
9%
avis
9%
devenue
9%
dormir
9%
envoie
9%
était
9%
frère
9%
gun
9%
intelligents
9%
Morphée
9%
nos
9%
ont
9%
paranormal
9%
passé
9%
peut-être
9%
prône
9%
qu'nous
9%
rapporte
9%
retrouve
9%
rêvassent
9%
taulards
9%
tombe
9%
tropiques
9%
trouvé
9%
veut
9%
voir
9%
apprennent
8%
bateau
8%
bras
8%
couplet
8%
cru
8%
décisions
8%
d'une
8%
gars
8%
Goku
8%
juger
8%
Kameha
8%
l'attentat
8%
long
8%
loups
8%
noir
8%
premiers
8%
prescription
8%
qu'ils
8%
savoir
8%
sentences
8%
front
7%
indic'
7%
Mauvaises
7%
mimi
7%
qu'elle
7%
saches
7%
sous
7%
souvent
7%
allaient
5%
chassent
5%
fautes
5%
forge
5%
golé
5%
grave
5%
J'me
5%
l'avant-gardisme
5%
médocs
5%
nan
5%
pote
5%
ressemble
5%
sages
5%
voudraient
5%
C'était
4%
côté
4%
insistes
4%
Link
4%
matrice
4%
milli'
4%
pleurer
4%
s'marie
4%
t'as
4%
d'moi
3%
faffes
3%
Ici-bas
3%
J'prône
3%
l'épée
3%
maintenant
3%
Traîner
1%
gangs
0%
Aucun quiz correspondant
Distribution des résultats
% des personnes avec chaque résultat
Percentile par nombre de réponses
Votre historique - résultats
Vous n’avez pas pris ce quiz